UM Logo

An introduction to criminological theory/ (Record no. 3900)

MARC details
000 -LEADER
fixed length control field 00581nam a22001817a 4500
008 - FIXED-LENGTH DATA ELEMENTS--GENERAL INFORMATION
fixed length control field 160818b xxu||||| |||| 00| 0 eng d
020 ## - INTERNATIONAL STANDARD BOOK NUMBER
International Standard Book Number 978-1-84392-407-4
082 ## - DEWEY DECIMAL CLASSIFICATION NUMBER
Edition number 2009
Classification number DC 364
Item number B91
100 ## - MAIN ENTRY--PERSONAL NAME
9 (RLIN) 13019
Personal name Burke, Roger H.
245 ## - TITLE STATEMENT
Title An introduction to criminological theory/
Statement of responsibility, etc. Roger Hopkins Burke.
250 ## - EDITION STATEMENT
Edition statement 3rd edition
260 ## - PUBLICATION, DISTRIBUTION, ETC. (IMPRINT)
Place of publication, distribution, etc. Portland, Or.:
Name of publisher, distributor, etc. Willan Pub.,
Date of publication, distribution, etc. c2009.
300 ## - PHYSICAL DESCRIPTION
Extent xi, 411 pages:
Other physical details illustrations;
Dimensions 25 cm.
500 ## - GENERAL NOTE
General note Includes bibliographical references and index.
650 #0 - SUBJECT ADDED ENTRY--TOPICAL TERM
9 (RLIN) 13020
Topical term or geographic name as entry element Crime
365 ## - TRADE PRICE
Price type code Php
Price amount 3838.00
942 ## - ADDED ENTRY ELEMENTS (KOHA)
Source of classification or shelving scheme Dewey Decimal Classification
Koha item type Circulation
Holdings
Withdrawn status Lost status Source of classification or shelving scheme Damaged status Not for loan Collection code Home library Current library Date acquired Source of acquisition Total Checkouts Full call number Barcode Date last seen Date last checked out Price effective from Koha item type
    Dewey Decimal Classification     Circulation UM Digos College - LIC UM Digos College - LIC 09/24/2010 Purchased 1 DC 364 B91 2009 21292 05/15/2025 05/18/2017 08/18/2016 Circulation